000 00857nam a2200229 a 4500
001 62770
003 BD-RjUL
005 20211209081124.0
008 170125s1994 ii a|||| b||| 00| 0 ben d
020 _c: Tk. 100.00
035 _a(BD-RjUL)62898
040 _aBD-RjUL
_bben
_cBD-RjUL
041 _aben
082 _223
_a759.954
_bBHB 1994
245 1 0 _aবাংলার চিত্রকলা /
_cঅশোক ভট্টাচার্য
260 _aকলকাতা :
_bপশ্চিমবঙ্গ বাংলা আকাদেমি,
_c১৯৯৪
300 _a২৪৭ পৃ. :
_bচিত্র ;
_c২১ সেমি.
504 _aগ্রন্থপঞ্জি সংযুক্ত
650 _aচিত্র
_xইতিহাস
_zভারত
_9186574
650 _aPainting
_xHistory
_zIndia
_9186575
942 _2ddc
_cBK
999 _c62770
_d62770